Family welfare in india : (Record no. 123387)

MARC details
000 -LEADER
fixed length control field 00921nam a22002777a 4500
005 - DATE AND TIME OF LATEST TRANSACTION
control field 20170124105924.0
010 ## - LIBRARY OF CONGRESS CONTROL NUMBER
LC control number B-219815
020 ## - INTERNATIONAL STANDARD BOOK NUMBER
Terms of availability 375.00
International Standard Book Number 8171419208
035 ## - SYSTEM CONTROL NUMBER
System control number B-219815
037 ## - SOURCE OF ACQUISITION
Source of stock number/acquisition Cen Lib/Ret
040 ## - CATALOGING SOURCE
Original cataloging agency DPL
Language of cataloging EN
082 ## - DEWEY DECIMAL CLASSIFICATION NUMBER
Classification number 362.820954
100 ## - MAIN ENTRY--PERSONAL NAME
Personal name Behura, N.K.
9 (RLIN) 5747
245 ## - TITLE STATEMENT
Title Family welfare in india :
Statement of responsibility, etc by N.K. Behura, R.P. Mohanty
Remainder of title a croos cultural study /
246 ## - VARYING FORM OF TITLE
Remainder of title
260 ## - PUBLICATION, DISTRIBUTION, ETC. (IMPRINT)
Name of publisher, distributor, etc Discovery Publishing House
Date of publication, distribution, etc 2005
Place of publication, distribution, etc New Delhi
270 ## - ADDRESS
City New Delhi
Postal code 110002
Address 4831/24, ansari road dariya ganj
300 ## - PHYSICAL DESCRIPTION
Extent 156p.
Dimensions 21cm(Hb)
500 ## - GENERAL NOTE
General note Includes bibliographical references and index
650 ## - SUBJECT ADDED ENTRY--TOPICAL TERM
Topical term or geographic name as entry element Indian Society
9 (RLIN) 5748
650 ## - SUBJECT ADDED ENTRY--TOPICAL TERM
Topical term or geographic name as entry element Family Planning
9 (RLIN) 5749
650 ## - SUBJECT ADDED ENTRY--TOPICAL TERM
Topical term or geographic name as entry element भारतीय समाज
9 (RLIN) 1413
650 ## - SUBJECT ADDED ENTRY--TOPICAL TERM
Topical term or geographic name as entry element परिवार नियोजन
9 (RLIN) 5750
700 ## - ADDED ENTRY--PERSONAL NAME
Personal name Mohanty, R.P.
9 (RLIN) 5751
942 ## - ADDED ENTRY ELEMENTS (KOHA)
Source of classification or shelving scheme Dewey Decimal Classification
Koha item type English Books
Classification part 362.820954
Call number suffix BEH
Holdings
Withdrawn status Lost status Damaged status Not for loan Home library Current library Date acquired Source of acquisition Cost, normal purchase price Total Checkouts Full call number Barcode Date last seen Copy number Cost, replacement price Price effective from Koha item type
        Central Library Central Library 05/06/2015 Cen Lib/Ret 375.00   362.820954 BEH B-219815 05/06/2015 1 375.00 05/06/2015 English Books

© Delhi Public Library
Hit Counter
free hit counter